<?xml version="1.0" encoding="UTF-8"?>
<record
    xmlns:xsi="http://www.w3.org/2001/XMLSchema-instance"
    xsi:schemaLocation="http://www.loc.gov/MARC21/slim http://www.loc.gov/standards/marcxml/schema/MARC21slim.xsd"
    xmlns="http://www.loc.gov/MARC21/slim">

  <leader>04671nam a2200433 a 4500</leader>
  <controlfield tag="001">dia_824</controlfield>
  <controlfield tag="003">CHAP</controlfield>
  <controlfield tag="005">20251014123057.0</controlfield>
  <controlfield tag="007">ta</controlfield>
  <controlfield tag="008">220117s1992    mx ab  frm    001 0 spa d</controlfield>
  <datafield tag="010" ind1=" " ind2=" ">
    <subfield code="a">171374</subfield>
  </datafield>
  <datafield tag="040" ind1=" " ind2=" ">
    <subfield code="c">CHAP</subfield>
    <subfield code="a">mxchpua</subfield>
    <subfield code="e">rda</subfield>
  </datafield>
  <datafield tag="041" ind1="0" ind2=" ">
    <subfield code="a">spa</subfield>
    <subfield code="b">eng</subfield>
  </datafield>
  <datafield tag="090" ind1=" " ind2=" ">
    <subfield code="a">Tesis</subfield>
    <subfield code="b">S26</subfield>
    <subfield code="c">1992</subfield>
  </datafield>
  <datafield tag="100" ind1="1" ind2=" ">
    <subfield code="a">S&#xE1;nchez Sandoval, Miguel</subfield>
  </datafield>
  <datafield tag="240" ind1="1" ind2="0">
    <subfield code="a">Financial evaluation for an anhydrous ammonia distributing plant in the municipality of Angostura, Sinaloa /</subfield>
    <subfield code="l">Espa&#xF1;ol</subfield>
  </datafield>
  <datafield tag="245" ind1="1" ind2="0">
    <subfield code="a">Evaluaci&#xF3;n de financiamiento para una distribuidora de amoniaco anhidro en el municipio de Angostura, Sinaloa /</subfield>
    <subfield code="c">Miguel S&#xE1;nchez Sandoval</subfield>
  </datafield>
  <datafield tag="264" ind1=" " ind2=" ">
    <subfield code="a">Chapingo, M&#xE9;xico :</subfield>
    <subfield code="b">El autor,</subfield>
    <subfield code="c">1992</subfield>
  </datafield>
  <datafield tag="300" ind1=" " ind2=" ">
    <subfield code="a">ix, 84 hojas :</subfield>
    <subfield code="b">ilustraciones, mapas, diagramas, tablas</subfield>
  </datafield>
  <datafield tag="336" ind1=" " ind2=" ">
    <subfield code="2">rdacontent</subfield>
    <subfield code="a">texto</subfield>
    <subfield code="b">txt</subfield>
  </datafield>
  <datafield tag="337" ind1=" " ind2=" ">
    <subfield code="2">rdamedia</subfield>
    <subfield code="a">no mediado</subfield>
    <subfield code="b">n</subfield>
  </datafield>
  <datafield tag="338" ind1=" " ind2=" ">
    <subfield code="2">rdacarrier</subfield>
    <subfield code="a">volumen</subfield>
    <subfield code="b">nc</subfield>
  </datafield>
  <datafield tag="502" ind1=" " ind2=" ">
    <subfield code="a">Seminario de Titulaci&#xF3;n</subfield>
    <subfield code="b">(Ingeniero Agroindustrial) -- </subfield>
    <subfield code="c">UACh. Departamento de Ingenier&#xED;a Agroindustrial, </subfield>
    <subfield code="d">1992</subfield>
  </datafield>
  <datafield tag="504" ind1=" " ind2=" ">
    <subfield code="a">Bibliograf&#xED;a: hojas 66-67</subfield>
  </datafield>
  <datafield tag="520" ind1="3" ind2=" ">
    <subfield code="a">Uno de los factores m&#xE1;s importantes que tienen fundamental importancia en la obtenci&#xF3;n de mejores rendimientos en los cultivos, es la aplicaci&#xF3;n oportuna y suficiente de fertilizantes. En este documento se eval&#xFA;a la posibilidad de inversi&#xF3;n de una distribuidora de amoniaco anhidro, en el municipio de Angostura, Sinaloa, que venga a resolver las limitaciones que de este fertilizante se tiene en la Zona. El grupo de productores que se beneficiar&#xE1; directamente con la inversi&#xF3;n, es la Uni&#xF3;n de Ejidos de Producci&#xF3;n Agr&#xED;cola e Industrial "Emiliano Zapata", integrado por 9 ejidos que agrupan a 538 beneficiarios con una superficie de 5,388 hect&#xE1;reas, de las cuales 5,060 ha. son de riego y 328 ha. de temporal. El c&#xE1;lculo de nodrizas y equipo de aplicaci&#xF3;n se efectu&#xF3; considerando la mayor superficie susceptible de habilitar por Banrural en un ciclo agr&#xED;cola, siendo este el ciclo oto&#xF1;o-invierno con 2,547 ha y una demanda de 380 ton. El proyecto de inversi&#xF3;n por $ 265,666,492 muestra una tasa de rentabilidad financiera de 38.55 (%) por ciento muy superior al costo del dinero, por lo que se espera que la empresa salga adelante con sus compromisos financieros en un plazo de 6 a&#xF1;os, y adem&#xE1;s dispondr&#xE1; de excedentes adicionales para capitalizarse. Los requerimientos adicionales de equipos, etc. se proyectan en etapas subsecuentes, ya sea por medio de nuevos cr&#xE9;ditos y/o inversiones de los productores interesados, y &#xE9;ste ser&#xE1; motivo de an&#xE1;lisis sobre la empresa y su consolidaci&#xF3;n. --</subfield>
  </datafield>
  <datafield tag="520" ind1="3" ind2=" ">
    <subfield code="a">One of the most important factors on obtaining the best results in agriculture, is the sufficient and opportune fertilizer application. In this document is evaluated the possibility of investing in an Anydrous Ammonia Distributing Plant in the municipality of Angostura, Sinaloa, which would solve the limitations of Anydrous Ammonia in this zone. The group of producers who will be directly beneficed with this investment is the "Uni&#xF3;n de Ejidos de Producci&#xF3;n Agr&#xED;cola e Industrial Emiliano Zapata", integrated by 9 ejidos, which include 538 beneficiares with surface of 5,388 ha., 5,060 of them are irrigated and 328 ha. are not irrigated. The estimate of transportation tanks and application equipment, was made considering the carger surface susceptible of credit (by Banrural), during an agricultural period of any given product, in this case. Wheat, planning to cover 1,637 ha, of this cereal. The investment proyect of $265,666,492 shows a financial rentability rate of 38.55%, a lot higher than the of money, for this reasonit is expected that the enterprise will succeed, in its financial obligations within a 6 year period and also will count with remains for its own capitalization. The additional requeriments (equipment, etc.) will be projected in subsequent stages through new credit, and/or investment of the members and this will be a matter of analysis over the enterprise and its consolidation.&#xA0;</subfield>
  </datafield>
  <datafield tag="650" ind1="1" ind2="3">
    <subfield code="a">Amon&#xED;aco anhidro</subfield>
    <subfield code="2">atg</subfield>
    <subfield code="x">Fertilizantes</subfield>
  </datafield>
  <datafield tag="650" ind1="1" ind2="3">
    <subfield code="a">Industria de los fertilizantes</subfield>
    <subfield code="x">Iniciativa empresarial</subfield>
    <subfield code="z">M&#xE9;xico</subfield>
    <subfield code="z">Sinaloa</subfield>
    <subfield code="2">atg</subfield>
  </datafield>
  <datafield tag="650" ind1="1" ind2="3">
    <subfield code="a">Anhydrous ammonia</subfield>
    <subfield code="2">atg</subfield>
    <subfield code="x">Fertilizers</subfield>
  </datafield>
  <datafield tag="650" ind1="1" ind2="3">
    <subfield code="a">Fertilizer industry</subfield>
    <subfield code="x">Entrepreneurship</subfield>
    <subfield code="z">Mexico</subfield>
    <subfield code="z">Sinaloa</subfield>
    <subfield code="2">atg</subfield>
  </datafield>
  <datafield tag="700" ind1="1" ind2=" ">
    <subfield code="a">P&#xE9;rez Pelayo, Fernando</subfield>
    <subfield code="e">director</subfield>
  </datafield>
  <datafield tag="700" ind1="1" ind2=" ">
    <subfield code="a">Santoyo Cort&#xE9;s, Vinicio Horacio</subfield>
    <subfield code="e">asesor</subfield>
  </datafield>
  <datafield tag="700" ind1="1" ind2=" ">
    <subfield code="a">G&#xF3;mez Cruz, Manuel &#xC1;ngel</subfield>
    <subfield code="e">asesor</subfield>
  </datafield>
  <datafield tag="901" ind1=" " ind2=" ">
    <subfield code="a">TESIS S26 1992</subfield>
  </datafield>
  <datafield tag="902" ind1=" " ind2=" ">
    <subfield code="a">M</subfield>
  </datafield>
  <datafield tag="905" ind1=" " ind2=" ">
    <subfield code="a">0000001992                          mx A   0000000000spa00</subfield>
  </datafield>
  <datafield tag="942" ind1=" " ind2=" ">
    <subfield code="c">TESIS</subfield>
    <subfield code="2">Clasificaci&#xF3;n Universidad Aut&#xF3;noma Chapingo</subfield>
  </datafield>
  <datafield tag="999" ind1=" " ind2=" ">
    <subfield code="c">171374</subfield>
    <subfield code="d">171374</subfield>
  </datafield>
  <datafield tag="952" ind1=" " ind2=" ">
    <subfield code="0">0</subfield>
    <subfield code="1">0</subfield>
    <subfield code="2">local</subfield>
    <subfield code="4">0</subfield>
    <subfield code="5">1</subfield>
    <subfield code="7">0</subfield>
    <subfield code="8">TESIS</subfield>
    <subfield code="a">IA_</subfield>
    <subfield code="b">IA_</subfield>
    <subfield code="e">El autor</subfield>
    <subfield code="l">0</subfield>
    <subfield code="o">Tesis S26 1992</subfield>
    <subfield code="p">1101016100</subfield>
    <subfield code="r">2026-02-02 00:00:00</subfield>
    <subfield code="t">Ej. 1</subfield>
    <subfield code="y">TESIS</subfield>
  </datafield>
  <datafield tag="952" ind1=" " ind2=" ">
    <subfield code="0">0</subfield>
    <subfield code="1">0</subfield>
    <subfield code="2">local</subfield>
    <subfield code="4">0</subfield>
    <subfield code="5">5</subfield>
    <subfield code="7">0</subfield>
    <subfield code="8">TESIS</subfield>
    <subfield code="a">IA_</subfield>
    <subfield code="b">IA_</subfield>
    <subfield code="d">2025-10-14</subfield>
    <subfield code="e">El autor</subfield>
    <subfield code="l">0</subfield>
    <subfield code="o">Tesis S26 1992</subfield>
    <subfield code="p">1101016101</subfield>
    <subfield code="r">2026-02-02 00:00:00</subfield>
    <subfield code="t">Ej. 2</subfield>
    <subfield code="w">2025-10-14</subfield>
    <subfield code="y">TESIS</subfield>
  </datafield>
</record>
